Architects in competition (Record no. 6)

MARC details
000 -CABECERA
campo de control de longitud fija 00797nam a2200229 a 4500
001 - NÚMERO DE CONTROL
campo de control BRCA_6
005 - FECHA Y HORA DE LA ÚLTIMA TRANSACCIÓN
campo de control 20190320202835.0
008 - DATOS DE LONGITUD FIJA--INFORMACIÓN GENERAL
campo de control de longitud fija 880512s1988 ne-a---##b---#000-0#dut-#
020 ## - NÚMERO INTERNACIONAL ESTÁNDAR DEL LIBRO
Número Internacional Estándar del Libro 9029081341
050 #4 - SIGNATURA TOPOGRÁFICA DE LA BIBLIOTECA DEL CONGRESO
Número de clasificación NA2335
Número de documento/Ítem .H34
-- 1988
100 1# - ENTRADA PRINCIPAL--NOMBRE DE PERSONA
Nombre de persona Haan, Hilde de
Fechas asociadas al nombre 1949-
9 (RLIN) 27
245 10 - MENCIÓN DE TÍTULO
Título Architects in competition
Resto del título international architectural competions of the last 200 years
Mención de responsabilidad, etc. Hilde de Haan, Ids Haagsma ; met essays van Dennis Sharp en Kenneth Frampton.
260 ## - PUBLICACIÓN, DISTRIBUCIÓN, ETC.
Lugar de publicación, distribución, etc. España
Nombre del editor, distribuidor, etc. Thames and Hudson
Fecha de publicación, distribución, etc. 1988
300 ## - DESCRIPCIÓN FÍSICA
Extensión 219 p.
Otras características físicas il. (algunas a color)
Dimensiones 31 cm.
500 ## - NOTA GENERAL
Nota general Incluye índice
504 ## - NOTA DE BIBLIOGRAFÍA, ETC.
Nota de bibliografía, etc. Bibliografía: p. 208-212
650 14 - PUNTO DE ACCESO ADICIONAL DE MATERIA--TÉRMINO DE MATERIA
Término de materia o nombre geográfico como elemento de entrada Arquitectura
Subdivisión general Competencia económica
9 (RLIN) 28
700 1# - PUNTO DE ACCESO ADICIONAL--NOMBRE DE PERSONA
Nombre de persona Haagsma, Ids
9 (RLIN) 29
700 1# - PUNTO DE ACCESO ADICIONAL--NOMBRE DE PERSONA
Nombre de persona Sharp, Dennis
9 (RLIN) 30
700 1# - PUNTO DE ACCESO ADICIONAL--NOMBRE DE PERSONA
Nombre de persona Frampton, Kenneth
9 (RLIN) 31
942 ## - ELEMENTOS DE PUNTO DE ACCESO ADICIONAL (KOHA)
Fuente del sistema de clasificación o colocación Library of Congress Classification
Tipo de ítem Koha Libros
Holdings
Estado de retiro Estado de pérdida Estado dañado No para préstamo Localización permanente Ubicación/localización actual Fecha de adquisición Total de préstamos Signatura topográfica completa Código de barras Fecha visto por última vez Precio válido a partir de Tipo de ítem Koha
El ejemplar forma parte de la colección y puede ser consultado según las políticas vigentes.       Biblioteca del Museo Franz Mayer (Rogerio Casas-Alatriste) Biblioteca del Museo Franz Mayer (Rogerio Casas-Alatriste) 24/06/2008   NA2335 .H34 1988 00004_1 23/03/2019 23/03/2019 Libros